| 000 -LEADER |
| fixed length control field |
01953nam a2200253 a 4500 |
| 001 - CONTROL NUMBER |
| control field |
ASIN0814778666 |
| 005 - DATE AND TIME OF LATEST TRANSACTION |
| control field |
20170105102931.0 |
| 008 - FIXED-LENGTH DATA ELEMENTS--GENERAL INFORMATION |
| fixed length control field |
140409s1987 xxu eng d |
| 020 ## - INTERNATIONAL STANDARD BOOK NUMBER |
| International Standard Book Number |
0814778666 (hardcover) |
| Terms of availability |
$45.00 |
| 020 ## - INTERNATIONAL STANDARD BOOK NUMBER |
| International Standard Book Number |
9780814778661 (hardcover) |
| 040 ## - CATALOGING SOURCE |
| Original cataloging agency |
0 |
| 050 04 - LIBRARY OF CONGRESS CALL NUMBER |
| Classification number |
HM136 |
| 082 04 - DEWEY DECIMAL CLASSIFICATION NUMBER |
| Classification number |
658.4 |
| Author Mark |
CON 1987 |
| 245 00 - TITLE STATEMENT |
| Title |
Conflict management and problem solving : |
| Remainder of title |
interpersonal to international affairs / |
| Statement of responsibility, etc. |
Dennis J.D. Sandole, Ingrid Sandole-Staroste. |
| 260 ## - PUBLICATION, DISTRIBUTION, ETC. |
| Place of publication, distribution, etc. |
[S.l.] : |
| Name of publisher, distributor, etc. |
NYU Press, |
| Date of publication, distribution, etc. |
1987. |
| 300 ## - PHYSICAL DESCRIPTION |
| Extent |
331 p. ; |
| Dimensions |
24 cm. |
| 520 ## - SUMMARY, ETC. |
| Summary, etc. |
Violent conflicts exist at many levels throughout the modern world and their influence extends, in varying degrees, to all aspects of everyday living. Ways of responding to conflicts are especially important, therefore, to all professionals and policy-makers who deal with human relations, where conflict can be a major feature. This book is a unique presentation of the views of practitioners, theorists and researchers from a variety of disciplines, looking at conflict resolution. It looks at constructive alternatives to the traditional ways of dealing with conflict, providing solutions which fall outside the usual 'win-lose' parameters. It is also a 'state-of-the-art' examination of the newly emerging field of conflict management, which is currently gaining ground as a specific area of study in the United States throughout the world. Contents Part I: Conflict Management: Generic Theory, Research, and Practice Part II: Conflict Management: Interpersonal to International Levels Part III: Conflict Management: The International Level Part IV: Conflict Management: Generic Theory, Research and Practice Re-visited. |
| 650 #0 - SUBJECT ADDED ENTRY--TOPICAL TERM |
| Topical term or geographic name entry element |
Conflict management |
| 650 #0 - SUBJECT ADDED ENTRY--TOPICAL TERM |
| Topical term or geographic name entry element |
Problem solving |
| 700 1# - ADDED ENTRY--PERSONAL NAME |
| Personal name |
Sandole, Dennis J.D. |
| 700 1# - ADDED ENTRY--PERSONAL NAME |
| Personal name |
Sandole-Staroste, Ingrid. |
| 856 40 - ELECTRONIC LOCATION AND ACCESS |
| Materials specified |
Amazon.com |
| Uniform Resource Identifier |
<a href="http://www.amazon.com/exec/obidos/ASIN/0814778666/chopaconline-20">http://www.amazon.com/exec/obidos/ASIN/0814778666/chopaconline-20</a> |
| 942 ## - ADDED ENTRY ELEMENTS (KOHA) |
| Source of classification or shelving scheme |
|
| Koha item type |
Book |